Normal view
MARC view
Entry Personal Name
001 - CONTROL NUMBER
- control field: 61984
003 - CONTROL NUMBER IDENTIFIER
- control field: dpl
005 - DATE AND TIME OF LATEST TRANSACTION
- control field: 20240212170921.0
008 - FIXED-LENGTH DATA ELEMENTS
- fixed length control field: 240212|| aca||aabn | a|a d
040 ## - CATALOGING SOURCE
- Original cataloging agency: dpl
- Transcribing agency: dpl
100 ## - HEADING--PERSONAL NAME
- Personal name: Yadav, Shruti
670 ## - SOURCE DATA FOUND
- Source citation: Work cat.: (dpl)200692: Abid, Shazia 61982, Expanded Universal Science Biology:, 2022
